Loading...
| History - World | 0 | 6 | 0 | 1 | 60 | 26 | 65.67 | 0 | 2 | 23.88 | 32.22 |
| History - Other | 0 | 5 | 0 | 0 | 50 | 52 | 70.40 | 1 | 2 | 17.79 | 27.50 |
| Science - Physics | 0 | 5 | 1 | 0 | 45 | 71 | 86.80 | 0 | 0 | 7.43 | 14.44 |
| Literature - European | 0 | 4 | 0 | 0 | 40 | 85 | 102.50 | 0 | 2 | 5.41 | 19.58 |
| Social Science | 0 | 3 | 0 | 0 | 30 | 43 | 59.00 | 3 | 3 | 16.07 | 37.50 |
| History - American | 0 | 3 | 0 | 1 | 30 | 35 | 59.00 | 1 | 1 | 12.51 | 15.56 |
| Religion | 0 | 3 | 1 | 0 | 25 | 39 | 62.00 | 1 | 2 | 12.75 | 21.94 |
| Literature - World | 0 | 2 | 0 | 0 | 20 | 67 | 94.00 | 0 | 1 | 4.02 | 12.22 |
| Fine Arts - Other | 0 | 2 | 0 | 0 | 20 | 54 | 82.00 | 0 | 1 | 5.70 | 14.44 |
| History - European | 0 | 2 | 0 | 1 | 20 | 40 | 73.50 | 0 | 1 | 6.08 | 10.00 |
| Literature - British | 0 | 2 | 0 | 1 | 20 | 90 | 104.00 | 1 | 2 | 1.96 | 13.33 |
| Mythology | 0 | 2 | 0 | 0 | 20 | 72 | 73.00 | 0 | 0 | 7.14 | 11.11 |
| Science - Chemistry | 0 | 2 | 0 | 2 | 20 | 97 | 97.50 | 0 | 0 | 0.30 | 8.89 |
| Science - Other | 0 | 2 | 0 | 1 | 20 | 86 | 90.50 | 0 | 0 | 2.57 | 10.00 |
| Geography | 0 | 1 | 0 | 0 | 10 | 39 | 39.00 | 0 | 1 | 12.84 | 15.56 |
| Painting/Sculpture | 0 | 1 | 0 | 0 | 10 | 67 | 67.00 | 0 | 0 | 3.23 | 5.56 |
| Philosophy | 0 | 1 | 1 | 0 | 5 | 73 | 73.00 | 0 | 1 | 5.22 | 9.52 |
| Fine Arts - Classical Music | 0 | 0 | 1 | 0 | -5 | 0.00 | 0 | 0 | 0.00 | 0.00 |